[Event "Crema op 04th"]
[Site "Crema"]
[Date "2002.09.06"]
[Round "2"]
[White "Bonazzi, Edoardo"]
[Black "Venturini, Fabiano"]
[Result "1-0"]
[WhiteElo "2133"]
[BlackElo "1731"]
[PlyCount "109"]
[EventDate "2002.09.06"]
[EventType "swiss"]
[EventRounds "6"]
[EventCountry "ITA"]
[SourceTitle "EXT 2007"]
[Source "ChessBase"]
[SourceDate "2006.11.23"]
[SourceVersion "1"]
[SourceVersionDate "2006.11.23"]
[SourceQuality "1"]

1. c4 Nf6 2. Nf3 d6 3. Nc3 g6 4. d4 Bg7 5. e4 0-0 6. Be2 Nbd7 7. 0-0 e5 8. d5 a5 9. Bg5 h6 10. Bh4 g5 11. Bg3 Nh5 12. h4 Nf4 13. hxg5 hxg5 14. Nd2 Bf6 15. Re1 Kg7 16. Nf1 Rh8 17. Ne3 Rh7 18. Nf5+ Kg6 19. Qc2 Qh8 20. f3 Bd8 21. Kf2 Nf6 22. Qb1 N6h5 23. Rh1 Ng7 24. Rxh7 Qxh7 25. Nxg7 Kxg7 26. Ke3 Nh5 27. Bf2 Bd7 28. Qh1 Be7 29. g4 Nf4 30. Qxh7+ Kxh7 31. Rh1+ Kg7 32. Bd1 a4 33. Kd2 a3 34. b4 c6 35. Ne2 Nxe2 36. Bxe2 cxd5 37. cxd5 Ba4 38. Rc1 Bd8 39. Rc3 Bd7 40. Be3 Ra4 41. Rb3 Ra8 42. Kc1 Rc8+ 43. Kb1 Ra8 44. Bc1 Bb6 45. Rxa3 Rh8 46. Be3 Rh1+ 47. Kc2 Bxe3 48. Rxe3 Rh2 49. Kb3 Rh3 50. Rc3 Kf8 51. a4 Ke8 52. a5 Kd8 53. b5 Rh1 54. Kb2 Rh2 55. Rc2 1-0

[Event "Bergamo op 1st"]
[Site "Bergamo"]
[Date "2002.07.28"]
[Round "5"]
[White "Venturini, Fabiano"]
[Black "Piantoni, Roberto"]
[Result "0-1"]
[WhiteElo "1731"]
[BlackElo "2171"]
[PlyCount "84"]
[EventDate "2002.07.26"]
[EventType "swiss"]
[EventRounds "6"]
[EventCountry "ITA"]
[SourceTitle "EXT 2007"]
[Source "ChessBase"]
[SourceDate "2006.11.23"]
[SourceVersion "1"]
[SourceVersionDate "2006.11.23"]
[SourceQuality "1"]

1. e4 Nf6 2. e5 Nd5 3. d4 d6 4. Nf3 Bg4 5. Bc4 e6 6. h3 Bh5 7. Nbd2 Nb6 8. Bd3 Nc6 9. exd6 cxd6 10. g4 Bg6 11. Nb3 Be7 12. c3 Rc8 13. 0-0 0-0 14. Kg2 Qc7 15. a4 e5 16. Bxg6 fxg6 17. d5 Nb8 18. Ng5 Bxg5 19. Bxg5 N8d7 20. a5 Nc4 21. Qe2 Nf6 22. Bxf6 Rxf6 23. a6 b6 24. Nd2 Nxd2 25. Qxd2 Qc4 26. f3 Rc5 27. Rfd1 h5 28. Qd3 Qf4 29. Qe4 Qxe4 30. fxe4 hxg4 31. hxg4 Rf4 32. Rd3 Rxg4+ 33. Rg3 Rxe4 34. Rd1 Re2+ 35. Kg1 Rxb2 36. Rxg6 Rxc3 37. Rxd6 Rg3+ 38. Kf1 e4 39. Re6 e3 40. Rxe3 Rxe3 41. d6 Re8 42. d7 Rd8 0-1

[Event "Caorle op-B"]
[Site "Caorle"]
[Date "1991.07.09"]
[Round "4.25"]
[White "Venturini, Fabiano"]
[Black "Pircher, Karl"]
[Result "1/2-1/2"]
[WhiteElo "1779"]
[BlackElo "1879"]
[PlyCount "47"]
[EventDate "1991.07.05"]
[EventType "swiss"]
[EventRounds "8"]
[EventCountry "ITA"]
[SourceTitle "EXT 2023"]
[Source "ChessBase"]
[SourceDate "2022.10.05"]
[SourceVersion "1"]
[SourceVersionDate "2022.10.05"]
[SourceQuality "1"]

1. e4 e6 2. d4 d5 3. exd5 exd5 4. h3 Nf6 5. Bg5 Be7 6. Bxf6 Bxf6 7. Nf3 0-0 8. Be2 Bf5 9. 0-0 c5 10. c3 cxd4 11. Nxd4 Be4 12. Na3 Nc6 13. Nac2 Qb6 14. Nb3 Rad8 15. Bd3 Bxd3 16. Qxd3 d4 17. cxd4 Nxd4 18. Ncxd4 Bxd4 19. Nxd4 Rxd4 20. Qc3 h6 21. Rad1 Rfd8 22. Rxd4 Qxd4 23. Rc1 Qxc3 24. Rxc3 1/2-1/2

[Event "Caorle op-B"]
[Site "Caorle"]
[Date "1991.07.07"]
[Round "2.27"]
[White "Venturini, Fabiano"]
[Black "Garano, Nicola"]
[Result "0-1"]
[WhiteElo "1779"]
[BlackElo "1900"]
[PlyCount "130"]
[EventDate "1991.07.05"]
[EventType "swiss"]
[EventRounds "8"]
[EventCountry "ITA"]
[SourceTitle "EXT 2023"]
[Source "ChessBase"]
[SourceDate "2022.10.05"]
[SourceVersion "1"]
[SourceVersionDate "2022.10.05"]
[SourceQuality "1"]

1. e4 c5 2. Nf3 Nc6 3. d4 cxd4 4. c3 d5 5. exd5 Qxd5 6. Nxd4 Nxd4 7. Qxd4 Qxd4 8. cxd4 Bd7 9. Bd3 Nf6 10. 0-0 e6 11. Nc3 Bb4 12. Nb5 0-0 13. a3 Ba5 14. Nd6 Bc6 15. Be3 Rfd8 16. Nc4 Bc7 17. Rad1 Nd5 18. Rfe1 Ba4 19. Rc1 Rac8 20. Bg5 f6 21. Bh4 Nf4 22. Bf1 Rxd4 23. Bg3 Bc6 24. Ne3 a5 25. Bc4 Re8 26. Ba2 Be5 27. Nc4 Nd3 28. Bxe5 fxe5 29. Nxe5 Nxc1 30. Rxc1 Bd5 31. Bb1 a4 32. Bd3 Rd8 33. f3 Bb3 34. Rc3 g6 35. Kf2 R8d5 36. Ke3 Rd8 37. Rc7 R4d5 38. f4 b5 39. Rc3 Kg7 40. Rc7+ Kg8 41. Rc3 g5 42. g3 Bd1 43. Rc7 Bh5 44. Bxh7+ Kf8 45. Bg6 Rxe5+ 46. fxe5 Bxg6 47. Rb7 Rd5 48. h4 Rxe5+ 49. Kd4 Rd5+ 50. Ke3 g4 51. Kf4 Bh5 52. Rh7 Kg8 53. Re7 Rf5+ 54. Ke4 Bf7 55. Rb7 Kg7 56. h5 Kf6 57. h6 Kg6 58. Rb8 Kxh6 59. Rh8+ Kg5 60. Rh7 Bg6 61. Rh4 Rd5+ 62. Ke3 Rd3+ 63. Kf2 Rf3+ 64. Kg2 Be4 65. Kh2 Rf1 0-1

[Event "Caorle op-B"]
[Site "Caorle"]
[Date "1991.07.06"]
[Round "1.32"]
[White "Weinberg, Emanuele"]
[Black "Venturini, Fabiano"]
[Result "1/2-1/2"]
[WhiteElo "1908"]
[BlackElo "1779"]
[PlyCount "73"]
[EventDate "1991.07.05"]
[EventType "swiss"]
[EventRounds "8"]
[EventCountry "ITA"]
[SourceTitle "EXT 2023"]
[Source "ChessBase"]
[SourceDate "2022.10.05"]
[SourceVersion "1"]
[SourceVersionDate "2022.10.05"]
[SourceQuality "1"]

1. d4 Nf6 2. c4 c5 3. d5 b5 4. cxb5 a6 5. Nc3 Bb7 6. e4 d6 7. Nf3 g6 8. Bd3 Bg7 9. 0-0 0-0 10. Bg5 Nbd7 11. Qd2 Re8 12. Rfe1 Ng4 13. bxa6 Bxa6 14. Bxa6 Rxa6 15. Qe2 Qa5 16. h3 Nge5 17. Nd2 Rb6 18. Rab1 h6 19. Be3 Reb8 20. f4 Rxb2 21. Rxb2 Rxb2 22. Nd1 Nc4 23. Qxc4 Rxd2 24. Bxd2 Qxd2 25. Qe2 Qxf4 26. Rf1 Bd4+ 27. Kh1 Qc1 28. Nf2 Qg5 29. Qg4 Qd2 30. Qxd7 Bxf2 31. Qxe7 Qe2 32. Rxf2 Qxf2 33. Qxd6 c4 34. Qc7 Qe1+ 35. Kh2 Qxe4 36. d6 Qe5+ 37. Kg1 1/2-1/2